Basic Electronics Systems Technology : (Record no. 592473)
[ view plain ]
| 000 -LEADER | |
|---|---|
| fixed length control field | 00547nam a22001457a 4500 |
| 003 - CONTROL NUMBER IDENTIFIER | |
| control field | NUST |
| 082 ## - DEWEY DECIMAL CLASSIFICATION NUMBER | |
| Classification number | 621.38132,DUG |
| 100 ## - MAIN ENTRY--PERSONAL NAME | |
| Personal name | Dugger, William |
| 9 (RLIN) | 101376 |
| 245 ## - TITLE STATEMENT | |
| Title | Basic Electronics Systems Technology : |
| Remainder of title | Circuit Measurements Unit-7 / |
| Statement of responsibility, etc. | William Dugger |
| 260 ## - PUBLICATION, DISTRIBUTION, ETC. | |
| Place of publication, distribution, etc. | BRUCE Hills |
| Name of publisher, distributor, etc. | USA |
| Date of publication, distribution, etc. | 1973 |
| 300 ## - PHYSICAL DESCRIPTION | |
| Extent | 173 p |
| 505 ## - FORMATTED CONTENTS NOTE | |
| Formatted contents note | Systems (Page-1), System functions (Page-37), System measuring instruments (Page-69), DC Power sources (Page-105), AC system generators (Page-146), |
| 650 ## - SUBJECT ADDED ENTRY--TOPICAL TERM | |
| Topical term or geographic name entry element | Telecommunication Engineering |
| 942 ## - ADDED ENTRY ELEMENTS (KOHA) | |
| Source of classification or shelving scheme | |
| Koha item type | Book |
| Withdrawn status | Lost status | Source of classification or shelving scheme | Damaged status | Not for loan | Permanent Location | Current Location | Shelving location | Date acquired | Total Checkouts | Full call number | Barcode | Date last seen | Price effective from | Koha item type | Public note |
|---|---|---|---|---|---|---|---|---|---|---|---|---|---|---|---|
| Military College of Signals (MCS) | Military College of Signals (MCS) | General Stacks | 11/24/2022 | 621.38132,DUG | MCS5463 | 11/24/2022 | 11/24/2022 | Book | Almirah No.32, Shelf No.3 |
